What Am I?#1 - Statistics

General Stats
  • This quiz has been taken 123 times
  • The average score is 10 of 10
Answer Stats
Hint What Am I % Correct
I have 4 legs and a tail. I have whiskers. People like to keep me as a pet. Cat
100%
I have thick grey skin. I have big ears and a long trunk. I can spray water with my trunk. Elephant
99%
I have a large tail and big feet. I can hop along very fast. I live in Australia. Kangaroo
99%
I have 2 arms, 2 legs, and a tail. I like to eat bananas. I can swing from trees. Monkey
99%
I am a bird. I make a ‘hoot’ sound. I am usually awake at night. Owl
99%
I have brown and orange spots. I have 4 long legs. I am very tall. Giraffe
97%
I am a big cat. I have big sharp teeth. I have orange fur and black stripes. Tiger
96%
I live in the ocean. I can live for a long time. I am a very large mammal. Whale
95%
I eat leaves, grass, and plants. I have thick skin. I have a large horn on my face. Rhino
91%
I am a bird. I can swim but I can’t fly. I am black and white. Penguin
89%
No matching quizzes found
Score Distribution
Percent of People with Each Score
Percentile by Number Answered
Your Score History
You have not taken this quiz